000 00919nam a22002057a 4500
005 20240321110919.0
010 _aB-756325-334 ENG-139837
020 _a9789355737687
_c999.00
035 _aB-756325-334
035 _aEN-123369
037 _aParth Booksellers & Distributors
082 _a000
245 _a11 Years' JEE (Main & Advanced):
_bChapterwise Topicwise Physics Solved Questions (2013-2023)
_cEdit By Arun Kala
260 _aNew Delhi
_bCengage Learning India Pvt. Ltd.
_c2023
270 _aT-303, 3rd Floor DAV Comlex, Plot 3 Mayur Vihar Phase 1
_bNew Delhi
_e110091
300 _a409p.
_c28cm(Pbk)
700 _aKala,Arun
_eEditor
_959650
942 _2ddc
_cEN
_mJEE
_h000
999 _c199551
_d199551